zpět

Detail výsledku týmu

Café Hostel, České Budějovice

Datum a čas kvízu

29.5 Celkem bodů Celkový počet nahraných bodů na tomto kvízu bez doplňovacích otázek.
3. Pořadí na kvízu Konečné umístění týmu na tomto kvízu.

Zaznamenané odpovědi

# Otázka Odpověď Body Výsledky
1. V pražském obchodním domě Máj... (lidskou) kostru 0
2. Francouzský europoslanec Rapha... socha Svobody 1
3. Minulý týden jsme se dozvěděli... o akvadukt 0
4. Česká společnost Snuggs se sta... menstruační kalhotky 1
5. Uveďte název zimního střediska... Svatý Mořic/St. Moritz; paralelní obří slalom 0
6. Podíváme se na temné stránky d... Jan Želivský 0
7. Doba pobělohorská znamenala zá... Obnovené zřízení zemské 0
8. První světová válka znamenala... Zborov 0
9. V období tzv. Protektorátu se... František Fajtl 1
10. Seřaďte tyto komunistické prez... 1A 2D 3B 4C 0